Statistics for Landlocked Countries

Click here to take the quiz!

General Stats

  • This quiz has been taken 66 times
  • The average score is 35 of 44

Answer Stats

Country% Correct
Liechtenstein
93%
Andorra
91%
Vatican City
89%
Austria
87%
Chad
87%
Czech Republic
87%
San Marino
87%
Bolivia
85%
Hungary
85%
Serbia
85%
Belarus
84%
Kyrgyzstan
84%
Mongolia
84%
Paraguay
84%
Slovakia
84%
Switzerland
84%
Tajikistan
84%
Uganda
84%
Uzbekistan
84%
Luxembourg
82%
Mali
82%
Nepal
82%
Afghanistan
80%
Central African Republic
80%
Kazakhstan
80%
Lesotho
80%
Moldova
80%
Turkmenistan
80%
Zimbabwe
80%
Bhutan
78%
Botswana
78%
Laos
78%
Rwanda
78%
Burundi
76%
South Sudan
76%
Ethiopia
75%
Niger
75%
Burkina Faso
73%
Eswatini
73%
Malawi
73%
North Macedonia
73%
Zambia
73%
Armenia
71%
Azerbaijan
64%

Score Distribution

Percentile by Number Answered

Percent of People with Each Score

Your Score History

You have not taken this quiz